| 000 | 00343nam a22001337a 4500 | ||
|---|---|---|---|
| 005 | 20190330105931.0 | ||
| 008 | 190330b xxu||||| |||| 00| 0 eng d | ||
| 041 | _aeng | ||
| 100 |
_aRaman,R K _94920 |
||
| 245 | _aA Handbook of Mine Management Legislation & General Safety | ||
| 260 |
_aDhanbad _bLovely Prakashan |
||
| 300 | _a215 | ||
| 942 | _cBK | ||
| 999 |
_c5792 _d5790 |
||